000 00399cam a22001337a 4500
008 180718b1960 xxu||||| |||| 00| 0 eng d
082 _aA6x5412 M289
100 _aMajumdar, Ramesh Chandra
245 _aGlimpses of Bengal in nineteenth century
_cby Ramesh Chandra Majumdar
260 _aCalcutta
_bMukhopadhyay
_c1960
300 _a112p.
650 _aEducation - Bengal
650 _aBengal - History
999 _c372723
_d372723